|
|
|
|
| LEADER |
00000nam0a2200000 4500 |
| 001 |
152540 |
| 005 |
20231101221628.0 |
| 035 |
|
|
|a (RuTPU)RU\TPU\book\165378
|
| 090 |
|
|
|a 152540
|
| 100 |
|
|
|a 20090202d2008 m y0rusy50 ca
|
| 101 |
0 |
|
|a rus
|
| 102 |
|
|
|a RU
|
| 105 |
|
|
|a a j 001zy
|
| 200 |
1 |
|
|a Вентиляция общественных зданий
|e учебное пособие
|f Э. В. Сазонов
|
| 210 |
|
|
|a Самара
|c Прогресс
|d 2008
|
| 215 |
|
|
|a 186 с.
|c ил.
|
| 320 |
|
|
|a Библиогр.: с. 183-185.
|
| 330 |
|
|
|a В учебном пособии приводится содержание, объем и последовательность выполнения курсовых и дипломных проектов. Описываются принципиальные схемы вентиляции основных типов общественных зданий. Рассматриваются составляющие тепловлажностоного баланса. Дается многовариантный расчет воздухообмена и расчет воздухо-распределения в помещениях. Пособие предназначено для студентов специальности 2907 Теплогазоснабжение и вентиляция"
|
| 606 |
1 |
|
|a Промышленная вентиляция
|2 stltpush
|3 (RuTPU)RU\TPU\subj\52212
|9 70701
|
| 610 |
1 |
|
|a курсовое проектирование
|
| 610 |
1 |
|
|a дипломное проектирование
|
| 610 |
1 |
|
|a проекты
|
| 610 |
1 |
|
|a воздухораспределение
|
| 610 |
1 |
|
|a расчет
|
| 610 |
1 |
|
|a вентиляционные системы
|
| 610 |
1 |
|
|a оборудование
|
| 610 |
1 |
|
|a вентиляторы
|
| 610 |
1 |
|
|a воздушные фильтры
|
| 610 |
1 |
|
|a калориферы
|
| 610 |
1 |
|
|a приточные центры
|
| 610 |
1 |
|
|a воздушные тепловые завесы
|
| 610 |
1 |
|
|a взрывная безопасность
|
| 610 |
1 |
|
|a пожарная безопасность
|
| 610 |
1 |
|
|a учебные пособия
|
| 675 |
|
|
|a 697.92(075.8)
|v 3
|
| 700 |
|
1 |
|a Сазонов
|b Э. В.
|g Эдуард Владимирович
|
| 801 |
|
1 |
|a RU
|b 63413507
|c 20090202
|g PSBO
|
| 801 |
|
2 |
|a RU
|b 63413507
|c 20151008
|g PSBO
|
| 900 |
|
|
|a Вентиляторы, насосы и компрессоры
|
| 900 |
|
|
|a Отопление, вентиляция и кондиционирование воздуха
|
| 900 |
|
|
|a Энергетические системы обеспечения жизнедеятельности человека
|
| 942 |
|
|
|c BK
|
| 952 |
|
|
|b 270109
|
| 959 |
|
|
|a 15/20090202
|d 20
|e 240,00
|f АНЛ:1
|f ЧЗТЛ:1
|f УФ:18
|